AH International Schools' Libraries

Why is it floating (KHMER) / (Record no. 50381)

MARC details
000 -LEADER
fixed length control field 00282nam a2200109 4500
020 ## - INTERNATIONAL STANDARD BOOK NUMBER
International Standard Book Number 9789924342328
100 ## - MAIN ENTRY--PERSONAL NAME
Personal name Youm, Kosal
9 (RLIN) 86870
245 ## - TITLE STATEMENT
Title Why is it floating (KHMER) /
Statement of responsibility, etc Kosal Youm
260 ## - PUBLICATION, DISTRIBUTION, ETC. (IMPRINT)
Place of publication, distribution, etc Cambodia
Name of publisher, distributor, etc Sipar
Date of publication, distribution, etc 2020
300 ## - PHYSICAL DESCRIPTION
Extent 20 p.
Other physical details col. ill.
Dimensions 25 cm.
942 ## - ADDED ENTRY ELEMENTS (KOHA)
Source of classification or shelving scheme
Koha item type Book
Holdings
Withdrawn status Lost status Source of classification or shelving scheme Damaged status Not for loan Collection code Home library Current library Date acquired Total Checkouts Full call number Barcode Date last seen Price effective from Koha item type
          Siem Riep Asian Hope Primary Library Asian Hope Primary Library 04/09/2026   KHMER E YOU 209644 04/09/2026 04/09/2026 Book

For any Logos Library related questions please contact Miss Art at swongnarasuk@asianhope.org.

For any Asian Hope Library related questions please contact Miss Raza at graza@asianhope.org.

Powered by Koha